[Event "136689 14th Rakosmente Open"]
[Site "?"]
[Date "2016.05.28"]
[Round "4.5"]
[White "Virag, Balint"]
[Black "Bodrogi, Mihaly"]
[Result "0-1"]
[WhiteElo "1708"]
[BlackElo "2014"]
[PlyCount "52"]
[EventDate "2016.??.??"]

1. e4 c5 2. Nf3 Nc6 3. d4 cxd4 4. Nxd4 g6 5. Nc3 Bg7 6. Be3 Nf6 7. f3 O-O 8.
Qd2 d5 9. exd5 Nxd5 10. Nxc6 bxc6 11. Nxd5 cxd5 12. O-O-O Qc7 13. Qxd5 Be6 14.
Qc5 Qb7 15. Qa3 a5 16. Bd4 Qb4 17. Qc3 Qxc3 18. Bxc3 Bxc3 19. bxc3 Bxa2 20. Rd7
Rab8 21. Kd2 Rb1 22. Ke2 Rc8 23. Kd2 Bc4 24. Bxc4 Rxh1 25. Bb3 e6 26. c4 Rxh2
0-1

[Event "136689 14th Rakosmente Open"]
[Site "?"]
[Date "2016.05.29"]
[Round "4.6"]
[White "Palczert, Matyas"]
[Black "Juhasz, Agoston"]
[Result "1-0"]
[WhiteElo "1363"]
[BlackElo "1854"]
[PlyCount "69"]

1. e4 c6 2. d4 d5 3. exd5 cxd5 4. c4 Nf6 5. Nc3 Nc6 6. Nf3 g6 7. Be2 Bg7 8. O-O
O-O 9. c5 Ne4 10. Bf4 Nxc3 11. bxc3 Qa5 12. Qd2 Bg4 13. Rab1 Bxf3 14. Bxf3 Rfd8
15. Rxb7 e5 16. Bxe5 Bxe5 17. dxe5 Nxe5 18. Qf4 Qxc3 19. Rc1 Qa3 20. Re1 Rd7
21. Rxd7 Nxd7 22. Bxd5 Rf8 23. Re7 Nf6 24. Bb3 Qxc5 25. Rc7 Qa5 26. g4 Nd5 27.
Bxd5 Qxd5 28. Rxa7 Re8 29. Qb4 Qf3 30. Re7 Rc8 31. Re1 h6 32. a4 Rc2 33. Qd4
Qb3 34. Re8+ Kh7 35. Qh8# 1-0

[Event "136689 14th Rakosmente Open"]
[Site "?"]
[Date "2016.05.28"]
[Round "4.7"]
[White "Filep, Tibor"]
[Black "Horvath, Csaba"]
[Result "0-1"]
[WhiteElo "1391"]
[BlackElo "1835"]
[PlyCount "80"]

1. e4 c5 2. Nf3 e6 3. c3 Nf6 4. e5 Nd5 5. c4 Nb6 6. d4 cxd4 7. Nxd4 Qc7 8. Be2
Qxe5 9. O-O Bc5 10. Be3 d5 11. Nf3 Qc7 12. Bxc5 Qxc5 13. cxd5 Nxd5 14. Na3 Bd7
15. Rc1 Qe7 16. Re1 O-O 17. Nc4 Nc6 18. Nce5 Rfd8 19. Qb3 Be8 20. Bc4 Na5 21.
Qd3 Nb4 22. Qe4 Rac8 23. h4 Nxc4 24. Rxc4 Rxc4 25. Qxc4 Nc6 26. Qe4 Rd5 27. Ng5
f5 28. Nxc6 Bxc6 29. Qxe6+ Qxe6 30. Nxe6 Rd2 31. Rb1 Be4 32. Rc1 Rxb2 33. a4
Rb4 34. Ng5 Rb1 35. Rxb1 Bxb1 36. a5 b6 37. axb6 axb6 38. Kf1 Ba2 39. Ke2 h6
40. Ne6 Bxe6 0-1

[Event "136689 14th Rakosmente Open"]
[Site "?"]
[Date "2016.05.29"]
[Round "4.8"]
[White "Fule, Simon"]
[Black "Safar, Istvan"]
[Result "1-0"]
[WhiteElo "1639"]
[BlackElo "1758"]
[PlyCount "129"]
[EventDate "2016.??.??"]

1. e4 c5 2. Nf3 Nc6 3. d4 cxd4 4. Nxd4 d6 5. Nc3 Bd7 6. Be2 Nf6 7. O-O g6 8.
Be3 Bg7 9. Qd2 O-O 10. Rad1 Re8 11. f3 a6 12. Kh1 b5 13. a3 Ne5 14. Bd3 Rc8 15.
Nde2 Be6 16. Nf4 Bc4 17. Qf2 e6 18. Bd4 Nfd7 19. Rfe1 Nxd3 20. Nxd3 e5 21. Be3
Qe7 22. Nb4 Nf6 23. Nxa6 b4 24. Nxb4 Red8 25. Bg5 h6 26. Ncd5 Qe6 27. Bxf6 Bxf6
28. b3 Bxd5 29. Nxd5 Bg7 30. c4 Rb8 31. b4 f5 32. exf5 gxf5 33. Qc2 Bf8 34. a4
Rdc8 35. a5 Rc6 36. Qd3 Qc8 37. Nb6 Rcxb6 38. Qd5+ Kg7 39. axb6 Rxb6 40. c5
dxc5 41. bxc5 Rb5 42. Qd7+ Qxd7 43. Rxd7+ Kf6 44. c6 Rc5 45. c7 Ke6 46. Rd8
Rxc7 47. Rxf8 Rc5 48. Rh8 f4 49. Rxh6+ Kf5 50. Rh5+ Kf6 51. Rhxe5 Rxe5 52. Rxe5
Kxe5 53. g3 Kf5 54. gxf4 Kxf4 55. Kg2 Kg5 56. Kg3 Kh5 57. Kf4 Kg6 58. Ke5 Kf7
59. f4 Kg6 60. f5+ Kf7 61. f6 Kf8 62. Ke6 Ke8 63. f7+ Kf8 64. h3 Kg7 65. Ke7
1-0

[Event "136689 14th Rakosmente Open"]
[Site "?"]
[Date "2016.05.29"]
[Round "4.9"]
[White "Tolnai, Jozsef"]
[Black "Bilku, Andras"]
[Result "1-0"]
[WhiteElo "1756"]
[BlackElo "1532"]
[PlyCount "85"]

1. e4 c6 2. d4 d5 3. Nd2 dxe4 4. Nxe4 Bf5 5. Ng3 Bg6 6. Nf3 Nd7 7. h4 h6 8. h5
Bh7 9. Bd3 Bxd3 10. Qxd3 Ngf6 11. Bf4 e6 12. Ne4 Nxe4 13. Qxe4 Nf6 14. Qe2 Qd5
15. c4 Qe4 16. Qxe4 Nxe4 17. a3 a5 18. Ne5 Rd8 19. f3 Rxd4 20. Be3 Ng3 21. Rh3
Nf5 22. Bxd4 Nxd4 23. Rc1 Bd6 24. f4 c5 25. Kf2 Bxe5 26. fxe5 Nc6 27. Re3 Ke7
28. Rd1 Nd4 29. b4 axb4 30. axb4 Nc2 31. Red3 Rb8 32. bxc5 Nb4 33. Rb3 Nc6 34.
Re1 f6 35. exf6+ gxf6 36. Rd1 Na5 37. Rb4 Nc6 38. Rb6 Na5 39. Rdb1 Kd7 40. Rd6+
Ke7 41. Rbb6 Nxc4 42. Rxe6+ Kd7 43. Rxf6 1-0

[Event "136689 14th Rakosmente Open"]
[Site "?"]
[Date "2016.05.29"]
[Round "4.10"]
[White "Czimer, Jozsef"]
[Black "Forgacs, Andras"]
[Result "1-0"]
[WhiteElo "1733"]
[BlackElo "1618"]
[PlyCount "57"]

1. Nf3 d5 2. g3 c6 3. Bg2 Nf6 4. O-O g6 5. d3 Bg7 6. c4 Nbd7 7. Nc3 dxc4 8.
dxc4 O-O 9. Qc2 Qc7 10. b4 Ne4 11. Qxe4 Bxc3 12. Rb1 Nb6 13. Qh4 Bf6 14. Bg5
Bg7 15. Rfc1 f6 16. Bh6 Bf5 17. Bxg7 Kxg7 18. Rb3 Rfd8 19. Nd4 Bc8 20. Rd3 e5
21. Nb3 Bf5 22. Nc5 Nd7 23. Ne4 g5 24. Nxg5 fxg5 25. Qxg5+ Bg6 26. Qe7+ Kh6 27.
Rd6 Qb6 28. Rcd1 Qxb4 29. Rxg6+ 1-0

[Event "136689 14th Rakosmente Open"]
[Site "?"]
[Date "2016.05.29"]
[Round "4.11"]
[White "Lakatos, Tamas"]
[Black "Monduk, Ferenc"]
[Result "0-1"]
[WhiteElo "1837"]
[BlackElo "1485"]
[PlyCount "62"]

1. e4 e6 2. d4 d5 3. Nc3 Bb4 4. e5 c5 5. a3 Bxc3+ 6. bxc3 Ne7 7. Bg5 Nbc6 8.
Qd2 Qb6 9. Nf3 Nf5 10. g4 Nfe7 11. Be2 h6 12. Be3 cxd4 13. cxd4 Ng6 14. h4 Qa5
15. c3 b5 16. Qb2 Rb8 17. Bd2 Qb6 18. h5 Nge7 19. Nh4 a5 20. Rb1 b4 21. axb4
axb4 22. g5 hxg5 23. Bxg5 Qa5 24. cxb4 Rxb4 25. Qxb4 Nxb4 26. Bd2 Nc2+ 27. Kd1
Qa2 28. Rc1 Nxd4 29. Rh3 Nxe2 30. Kxe2 Ba6+ 31. Kd1 Qa4+ 0-1

[Event "136689 14th Rakosmente Open"]
[Site "?"]
[Date "2016.05.29"]
[Round "4.12"]
[White "Palczert, Hajnalka"]
[Black "Solti, Gergely"]
[Result "0-1"]
[WhiteElo "1410"]
[BlackElo "1735"]
[PlyCount "74"]
[EventDate "2016.??.??"]

1. e4 c5 2. Nf3 Nc6 3. d4 cxd4 4. Nxd4 g6 5. Nc3 Bg7 6. Be3 Nf6 7. Bc4 O-O 8.
Bb3 d6 9. f3 Bd7 10. Qd2 Rc8 11. O-O-O Ne5 12. Bh6 Bxh6 13. Qxh6 Rxc3 14. bxc3
Qc7 15. Qe3 Rc8 16. Ne2 a5 17. f4 Nc4 18. Bxc4 Qxc4 19. Kb2 Be6 20. Nc1 Nxe4
21. Rd4 Qb5+ 22. Nb3 Nxc3 23. Ka1 a4 24. Nd2 Bxa2 25. Qd3 Qc5 26. Kb2 a3+ 27.
Kc1 Ne2+ 28. Kd1 Nxd4 29. Ke1 Nxc2+ 30. Ke2 Nd4+ 31. Kf2 Nf5+ 32. Ke2 Bd5 33.
Qh3 a2 34. Qd3 Nd4+ 35. Kf2 Nc2+ 36. Ke2 a1=Q 37. Rxa1 Nxa1 0-1

[Event "136689 14th Rakosmente Open"]
[Site "?"]
[Date "2016.05.29"]
[Round "4.13"]
[White "Di Giovanni, Vilmos"]
[Black "Kapicakova, Julia"]
[Result "1-0"]
[WhiteElo "1705"]
[BlackElo "1339"]
[PlyCount "107"]
[SourceDate "2016.06.06"]

1. g4 d5 2. Bg2 Bxg4 3. c4 c6 4. Qb3 Qb6 5. cxd5 Qxb3 6. axb3 Bd7 7. Nc3 Nf6 8.
dxc6 Bxc6 9. e4 e5 10. Nge2 Bc5 11. d3 Nbd7 12. Be3 Bxe3 13. fxe3 Nc5 14. Nc1
Ke7 15. b4 Ne6 16. Nb3 Rhd8 17. Ke2 Nc7 18. Na5 a6 19. Bh3 Nce8 20. Nc4 Bd7 21.
Bxd7 Nxd7 22. Nd5+ Ke6 23. Rhc1 Rac8 24. Ncb6 Nxb6 25. Nxb6 Rxc1 26. Rxc1 Rd6
27. Nc4 Rc6 28. Rc3 Nd6 29. Nd2 Rb6 30. Rb3 Kd7 31. d4 exd4 32. exd4 Kc6 33.
Kd3 f6 34. d5+ Kd7 35. Kd4 Kc7 36. Nc4 Nxc4 37. Kxc4 Kd6 38. Rh3 g5 39. Rxh7
Ke5 40. Re7+ Kd6 41. Rf7 Ke5 42. Re7+ Kd6 43. Re6+ Kc7 44. Rxb6 Kxb6 45. Kd4
Kc7 46. e5 f5 47. h3 b6 48. b3 Kd7 49. Ke3 Ke7 50. Kf3 f4 51. h4 gxh4 52. Kxf4
h3 53. Kg3 h2 54. Kxh2 1-0

[Event "136689 14th Rakosmente Open"]
[Site "?"]
[Date "2016.05.29"]
[Round "4.14"]
[White "Csermely, Zoltan"]
[Black "Forgacs, Attila Jr"]
[Result "0-1"]
[WhiteElo "1619"]
[BlackElo "1663"]
[PlyCount "54"]

1. d4 Nf6 2. Qd3 d6 3. e4 Nbd7 4. f4 e5 5. c3 Be7 6. b4 O-O 7. g3 Re8 8. fxe5
dxe5 9. d5 Nb6 10. a3 a5 11. b5 Bc5 12. h3 Bd7 13. a4 c6 14. c4 cxb5 15. axb5
Rc8 16. Nd2 Bb4 17. Ngf3 Nxc4 18. Kf2 Qb6+ 19. Kg2 Ne3+ 20. Kh2 Neg4+ 21. hxg4
Nxg4+ 22. Kg2 Qf2+ 23. Kh3 Ne3+ 24. Kh4 Be7+ 25. Ng5 Bxg5+ 26. Kxg5 Qf6+ 27.
Kh5 Qh6# 0-1

[Event "136689 14th Rakosmente Open"]
[Site "?"]
[Date "2016.05.29"]
[Round "4.15"]
[White "Geresdi-Horvath, Agoston"]
[Black "Szurkos, Andras"]
[Result "1/2-1/2"]
[WhiteElo "1327"]
[BlackElo "1639"]
[PlyCount "127"]
[EventDate "2016.??.??"]

1. Nf3 d5 2. d4 Nf6 3. c4 e6 4. cxd5 exd5 5. Bg5 c5 6. e3 cxd4 7. exd4 Bb4+ 8.
Nc3 O-O 9. Be2 h6 10. Bh4 g5 11. Bg3 Ne4 12. Qc2 Bf5 13. Bd3 Nxg3 14. hxg3 Re8+
15. Kf1 Bxd3+ 16. Qxd3 Re6 17. Re1 Kg7 18. Rxe6 fxe6 19. Ne5 Qf6 20. Ng4 Qf5
21. Qxf5 exf5 22. Nxh6 Bxc3 23. bxc3 Kg6 24. g4 fxg4 25. Nxg4 Nd7 26. Ke2 Rc8
27. Kd2 Nb6 28. Ne5+ Kf5 29. Rh3 Nc4+ 30. Nxc4 Rxc4 31. Rh7 Ra4 32. Rxb7 Rxa2+
33. Ke3 a5 34. Rb5 Ke6 35. g4 a4 36. f4 gxf4+ 37. Kxf4 a3 38. Rb6+ Kd7 39. Ra6
Kc7 40. Ke5 Kb7 41. Ra4 Kc6 42. Ra6+ Kb5 43. Ra8 Kc4 44. Rc8+ Kb3 45. Kxd5 Rg2
46. Rb8+ Kxc3 47. Rc8+ Kb2 48. Rb8+ Ka1 49. Rb3 a2 50. Kc4 Rc2+ 51. Kd3 Rg2 52.
Rb5 Rxg4 53. d5 Rg1 54. Kc2 Rg2+ 55. Kc3 Rg1 56. d6 Rd1 57. Re5 Kb1 58. Rb5+
Kc1 59. Ra5 Kb1 60. Rb5+ Ka1 61. Re5 Kb1 62. Rb5+ Kc1 63. Ra5 Rd2 64. d7
1/2-1/2

[Event "136689 14th Rakosmente Open"]
[Site "?"]
[Date "2016.05.29"]
[Round "4.16"]
[White "Filep, Gyorgy dr"]
[Black "Benyeda, Monika"]
[Result "0-1"]
[WhiteElo "1459"]
[BlackElo "1402"]
[PlyCount "54"]
[EventDate "2016.??.??"]

1. e4 c6 2. d4 d5 3. Nc3 dxe4 4. Nxe4 Bf5 5. Ng3 Bg6 6. h4 h6 7. Nf3 Nd7 8. h5
Bh7 9. Bd3 Bxd3 10. Qxd3 e6 11. Be3 Ngf6 12. O-O-O Be7 13. Rhe1 O-O 14. c4 Qa5
15. a3 Rac8 16. Ne5 Nxe5 17. dxe5 Qxe5 18. Bxh6 Qc7 19. Be3 Ng4 20. Rh1 Rfd8
21. Qe2 Rxd1+ 22. Rxd1 Nxe3 23. Qxe3 b5 24. c5 Rd8 25. Rh1 Rd5 26. b4 Bg5 27.
f4 Bxf4 0-1

[Event "136689 14th Rakosmente Open"]
[Site "?"]
[Date "2016.05.29"]
[Round "4.17"]
[White "Timko, Gyula"]
[Black "Makrai, Bence"]
[Result "0-1"]
[WhiteElo "1612"]
[BlackElo "1453"]
[PlyCount "76"]

1. d4 d5 2. Nf3 Nf6 3. c4 e6 4. a3 Be7 5. c5 b6 6. b4 O-O 7. e3 a5 8. Be2 axb4
9. Qc2 bxa3 10. Rxa3 Rxa3 11. Bxa3 c6 12. O-O b5 13. Bb4 Na6 14. Qb2 Qc7 15.
Nbd2 Nd7 16. Ra1 Nxb4 17. Qxb4 Nb8 18. Nb3 f6 19. Qa5 Bd8 20. Qd2 e5 21. h3 e4
22. Nh2 f5 23. f4 exf3 24. Nxf3 f4 25. Bd3 Bf5 26. Bf1 fxe3 27. Qxe3 Qg3 28.
Qe5 Bc7 29. Qxg3 Bxg3 30. Ne5 Re8 31. Nf3 Bc2 32. Nbd2 Ba4 33. Nb1 Re3 34. Nbd2
Na6 35. Rxa4 bxa4 36. Bxa6 a3 37. Bc4 dxc4 38. Nxc4 a2 0-1

[Event "136689 14th Rakosmente Open"]
[Site "?"]
[Date "2016.05.29"]
[Round "5.1"]
[White "Forgacs, Attila"]
[Black "Kormos, Adam"]
[Result "0-1"]
[WhiteElo "2167"]
[BlackElo "2173"]
[PlyCount "78"]

1. e4 c5 2. Nf3 d6 3. d4 cxd4 4. Nxd4 Nf6 5. Nc3 g6 6. Be3 Bg7 7. f3 a6 8. Qd2
Nbd7 9. Bc4 b5 10. Bb3 Bb7 11. g4 b4 12. Nd5 Nxd5 13. Bxd5 Bxd5 14. exd5 a5 15.
Nc6 Ne5 16. Nxe5 dxe5 17. O-O-O Qd6 18. h4 h5 19. Kb1 a4 20. Qd3 Rb8 21. Qe4 a3
22. b3 Qc7 23. Qc4 Qxc4 24. bxc4 hxg4 25. fxg4 f5 26. h5 f4 27. Bc5 Rc8 28.
Bxb4 e4 29. c3 Rxc4 30. Kc2 gxh5 31. gxh5 Kd7 32. d6 Rxb4 33. cxb4 Rc8+ 34. Kb3
exd6 35. h6 Be5 36. Rh5 Ke6 37. h7 e3 38. Rg5 e2 39. Rh1 Rh8 0-1

[Event "136689 14th Rakosmente Open"]
[Site "?"]
[Date "2016.05.29"]
[Round "5.2"]
[White "Darazs, Zoltan"]
[Black "Palczert, Matyas"]
[Result "1-0"]
[WhiteElo "2133"]
[BlackElo "1363"]
[PlyCount "57"]

1. e4 c5 2. Nf3 d6 3. d4 cxd4 4. Nxd4 Nf6 5. Nc3 a6 6. Bg5 e6 7. f4 Be7 8. Qf3
Nbd7 9. O-O-O O-O 10. g4 Qc7 11. Bxf6 Bxf6 12. g5 Be7 13. h4 e5 14. Nd5 Qd8 15.
Nf5 Re8 16. Nfxe7+ Rxe7 17. Nxe7+ Qxe7 18. f5 Nc5 19. Bc4 Kf8 20. Bd5 g6 21. f6
Qe8 22. h5 Qb5 23. hxg6 fxg6 24. Rxh7 Be6 25. Rh8+ Kf7 26. Bxe6+ Kxe6 27. Qh3+
Kf7 28. Qh7+ Ke6 29. Qe7# 1-0

[Event "136689 14th Rakosmente Open"]
[Site "?"]
[Date "2016.05.29"]
[Round "5.3"]
[White "Gubics, Peter"]
[Black "Kis, Bela"]
[Result "1-0"]
[WhiteElo "2125"]
[BlackElo "2061"]
[PlyCount "161"]
[EventDate "2016.??.??"]
[SourceDate "2016.06.06"]

1. Nf3 Nf6 2. c4 g6 3. g3 c5 4. Nc3 Bg7 5. Bg2 Nc6 6. O-O d6 7. d3 O-O 8. Rb1
a6 9. a3 Rb8 10. b4 cxb4 11. axb4 b5 12. Qb3 h6 13. Qa3 a5 14. Nxb5 axb4 15.
Qa4 Nd7 16. Bb2 Bxb2 17. Rxb2 Nc5 18. Qd1 d5 19. Nfd4 Nxd4 20. Nxd4 Bb7 21.
Rxb4 e5 22. Nb3 Nxb3 23. Qxb3 dxc4 24. dxc4 Bxg2 25. Rxb8 Qxb8 26. Qxb8 Rxb8
27. Kxg2 Rb2 28. Rc1 Kf8 29. Kf3 Ke7 30. Ke3 Kd6 31. c5+ Kc6 32. f4 exf4+ 33.
gxf4 h5 34. Kf3 Rb5 35. Ke4 Rb2 36. Ke3 Rb3+ 37. Kd4 Rh3 38. Ra1 Rxh2 39. Ra6+
Kb7 40. Rf6 Rxe2 41. Rxf7+ Kb8 42. Rf6 Rg2 43. Kd5 h4 44. Rf8+ Kc7 45. Rf7+ Kb8
46. Rh7 Rg4 47. Ke5 Kc8 48. c6 Rg1 49. Rxh4 Kc7 50. Kd5 Re1 51. Rh7+ Kc8 52.
Kd6 Rd1+ 53. Ke5 Rc1 54. c7 Rc6 55. Rf7 Ra6 56. Rf6 Ra5+ 57. Kd6 Ra6+ 58. Ke7
Ra4 59. Kd6 Ra6+ 60. Ke5 Ra5+ 61. Ke6 Ra4 62. Rf7 Re4+ 63. Kd5 Ra4 64. Ke5 Ra6
65. Ke4 Ra3 66. Rg7 Rg3 67. Ke5 Re3+ 68. Kf6 Re4 69. Kg5 Rc4 70. Rxg6 Kxc7 71.
Re6 Kd7 72. f5 Rc1 73. Re2 Rg1+ 74. Kf6 Kd8 75. Kf7 Kd7 76. Rd2+ Kc7 77. f6 Re1
78. Kg7 Rg1+ 79. Kf8 Re1 80. f7 Rg1 81. Rd4 1-0

[Event "136689 14th Rakosmente Open"]
[Site "?"]
[Date "2016.05.29"]
[Round "5.4"]
[White "Bodrogi, Mihaly"]
[Black "Torok, Tamas Titusz"]
[Result "1/2-1/2"]
[WhiteElo "2014"]
[BlackElo "2110"]
[PlyCount "94"]
[EventDate "2016.??.??"]

1. d4 d5 2. Nf3 Nc6 3. e3 Bg4 4. Be2 Nf6 5. Nbd2 e6 6. Ne5 Nxe5 7. dxe5 Bxe2 8.
Qxe2 Nd7 9. f4 Bc5 10. Nf3 O-O 11. Bd2 f6 12. Bc3 Qe7 13. O-O-O f5 14. h3 Bb4
15. Bxb4 Qxb4 16. g4 Nb6 17. a3 Qc5 18. gxf5 exf5 19. Rhg1 Nc4 20. Rd3 c6 21.
Ng5 Qe7 22. Qh5 h6 23. Nf3 Kh8 24. Nh4 Qf7 25. Rg6 Rae8 26. Rd1 Re6 27. Rdg1
Rxg6 28. Nxg6+ Kg8 29. Qe2 Re8 30. a4 Re6 31. Nh4 Kh7 32. Nf3 Rg6 33. Rxg6 Qxg6
34. b3 Nb6 35. Nd4 Qf7 36. Qd3 g6 37. h4 h5 38. Nf3 Qe7 39. Ng5+ Kg8 40. Kd1
Nd7 41. Qd4 b6 42. a5 Qc5 43. axb6 axb6 44. b4 Qxd4+ 45. exd4 Kf8 46. Kd2 Ke7
47. Kd3 b5 1/2-1/2

[Event "136689 14th Rakosmente Open"]
[Site "?"]
[Date "2016.05.29"]
[Round "5.5"]
[White "Horvath, Csaba"]
[Black "Czimer, Jozsef"]
[Result "1/2-1/2"]
[WhiteElo "1835"]
[BlackElo "1733"]
[PlyCount "43"]

1. e4 d6 2. d4 Nf6 3. Nc3 g6 4. f4 Bg7 5. e5 dxe5 6. fxe5 Nd5 7. Ne4 O-O 8. Nf3
f5 9. exf6 exf6 10. Be2 Re8 11. Ng3 Ne3 12. Bxe3 Rxe3 13. O-O Re8 14. c3 Be6
15. Qd2 Nd7 16. Rfe1 Nb6 17. b3 Bf7 18. Bd3 c6 19. Ne4 Qc7 20. Qf2 Nd5 21. Rac1
Nf4 22. Bf1 1/2-1/2

[Event "136689 14th Rakosmente Open"]
[Site "?"]
[Date "2016.05.29"]
[Round "5.6"]
[White "Fule, Simon"]
[Black "Tolnai, Jozsef"]
[Result "0-1"]
[WhiteElo "1639"]
[BlackElo "1756"]
[PlyCount "78"]
[SourceDate "2016.06.06"]

1. e4 c6 2. d4 d5 3. Nc3 dxe4 4. Nxe4 Bf5 5. Ng3 Bg6 6. h4 h6 7. Nf3 Nd7 8. h5
Bh7 9. Bd3 Bxd3 10. Qxd3 e6 11. Bd2 Ngf6 12. Ne4 Nxe4 13. Qxe4 Nf6 14. Qd3 Bd6
15. O-O-O Qc7 16. Rde1 O-O-O 17. Be3 Bf4 18. Kb1 Bxe3 19. Qxe3 Rhf8 20. a3 Rd5
21. Ne5 Qb6 22. Rd1 Rb5 23. Nc4 Qc7 24. Qf3 Rf5 25. Qe2 Qf4 26. f3 Rxh5 27.
Rxh5 Nxh5 28. Qe4 Qxe4 29. fxe4 Kc7 30. e5 Nf4 31. Nd6 f6 32. Rf1 Nxg2 33. Rg1
fxe5 34. dxe5 Rf2 35. Ne8+ Kd7 36. Nxg7 Re2 37. b4 Re1+ 38. Rxe1 Nxe1 39. Nh5
Nf3 0-1

[Event "136689 14th Rakosmente Open"]
[Site "?"]
[Date "2016.05.29"]
[Round "5.7"]
[White "Juhasz, Agoston"]
[Black "Virag, Balint"]
[Result "1-0"]
[WhiteElo "1854"]
[BlackElo "1708"]
[PlyCount "65"]
[EventDate "2016.??.??"]

1. e4 c5 2. Nf3 Nc6 3. c3 d5 4. exd5 Qxd5 5. d4 cxd4 6. cxd4 Bg4 7. Be2 g6 8.
Nc3 Qd8 9. Be3 Bg7 10. Qa4 e6 11. O-O Nge7 12. h3 Bxf3 13. Bxf3 O-O 14. Rfd1
Rc8 15. Rac1 a6 16. d5 Bxc3 17. dxc6 Qa5 18. Qxa5 Bxa5 19. cxb7 Rxc1 20. Rxc1
e5 21. Ba7 e4 22. b8=Q Rxb8 23. Bxb8 exf3 24. Bc7 Bb4 25. a3 Bd2 26. Rd1 Bh6
27. b4 Nf5 28. a4 fxg2 29. b5 axb5 30. axb5 Ne7 31. b6 Nc6 32. b7 Kf8 33. Rd6
1-0

[Event "136689 14th Rakosmente Open"]
[Site "?"]
[Date "2016.05.29"]
[Round "5.8"]
[White "Forgacs, Attila Jr"]
[Black "Palczert, Miklos dr"]
[Result "0-1"]
[WhiteElo "1663"]
[BlackElo "1767"]
[PlyCount "74"]

1. e4 e5 2. Nf3 Nc6 3. Bb5 a6 4. Ba4 Nf6 5. O-O Be7 6. d3 d6 7. c3 Bg4 8. h3
Be6 9. Nbd2 Qd7 10. Re1 h5 11. Ng5 O-O-O 12. b4 Ng4 13. Nxe6 Qxe6 14. Bxc6 bxc6
15. Qa4 Nxf2 16. Kxf2 Bh4+ 17. Ke2 Bxe1 18. Kxe1 f5 19. Qxc6 f4 20. Nc4 Rdf8
21. Nb6+ Kd8 22. Qa8+ Ke7 23. Nd5+ Kf7 24. Qb7 Kg8 25. Nxc7 Qe7 26. Qd5+ Rf7
27. Nxa6 Qa7 28. Nc5 dxc5 29. Qxc5 Qd7 30. d4 f3 31. Kf2 Kh7 32. Qxe5 fxg2+ 33.
Kxg2 g6 34. Qd5 Qc7 35. e5 Rhf8 36. Bg5 Rf2+ 37. Kg1 Qxc3 0-1

[Event "136689 14th Rakosmente Open"]
[Site "?"]
[Date "2016.05.29"]
[Round "5.9"]
[White "Solti, Gergely"]
[Black "Di Giovanni, Vilmos"]
[Result "0-1"]
[WhiteElo "1735"]
[BlackElo "1705"]
[PlyCount "48"]

1. e4 d5 2. exd5 Nf6 3. d4 Nxd5 4. c4 Nb6 5. Nc3 c6 6. h3 Bf5 7. Nf3 e6 8. Bf4
h6 9. Be2 Be7 10. O-O N8d7 11. Qb3 g5 12. Bh2 h5 13. Ne5 Nxe5 14. Bxe5 f6 15.
g4 hxg4 16. hxg4 fxe5 17. gxf5 Qxd4 18. Kg2 Qf4 19. Rh1 O-O-O 20. Rad1 Bc5 21.
Rxd8+ Rxd8 22. Nd1 exf5 23. a4 g4 24. Ne3 g3 0-1

[Event "136689 14th Rakosmente Open"]
[Site "?"]
[Date "2016.05.29"]
[Round "5.10"]
[White "Monduk, Ferenc"]
[Black "Birovecz, Ben Jordan"]
[Result "1/2-1/2"]
[WhiteElo "1485"]
[BlackElo "1732"]
[PlyCount "137"]
[EventDate "2016.??.??"]

1. d4 d5 2. c4 e6 3. Nc3 Nf6 4. Nf3 Bb4 5. Bg5 dxc4 6. e4 c5 7. e5 cxd4 8. Nxd4
Qa5 9. exf6 Qxg5 10. fxg7 Bxc3+ 11. bxc3 Qxg7 12. Qa4+ Bd7 13. Qxc4 Nc6 14. g3
Nxd4 15. cxd4 Rc8 16. Qd3 Bc6 17. f3 Qg5 18. Be2 Qa5+ 19. Kf2 Rd8 20. Rhd1 Qh5
21. Kg2 Qg5 22. Qc3 O-O 23. h4 Qf6 24. Qe3 Rd5 25. Bc4 Rf5 26. Rf1 Rd8 27. Rad1
Bd5 28. Bd3 Rh5 29. Rf2 Bc6 30. Be4 Ra5 31. Bxc6 bxc6 32. Rc2 c5 33. d5 exd5
34. Qd2 Ra3 35. f4 c4 36. Rxc4 dxc4 37. Qxd8+ Qxd8 38. Rxd8+ Kg7 39. Rd2 Kf6
40. g4 Ke6 41. Rc2 Kd5 42. Kf2 Rd3 43. f5 Rh3 44. Rd2+ Kc6 45. Rd4 c3 46. Rc4+
Kd5 47. Rc7 f6 48. Ke2 a5 49. Rxh7 Rh2+ 50. Kd3 c2 51. Rc7 Rxh4 52. Kxc2 Rxg4
53. Ra7 a4 54. Kb2 Ke5 55. Ra5+ Kd6 56. Ka3 Rf4 57. Rxa4 Rxf5 58. Re4 Rf3+ 59.
Kb4 f5 60. Re8 Rf1 61. a4 Kd7 62. Re2 f4 63. Kc3 f3 64. Rd2+ Kc7 65. Kd3 Ra1
66. Ke3 Ra3+ 67. Kf2 Kc6 68. Rd4 Kc5 69. Rf4 1/2-1/2

[Event "136689 14th Rakosmente Open"]
[Site "?"]
[Date "2016.05.29"]
[Round "5.11"]
[White "Safar, Istvan"]
[Black "Benyeda, Monika"]
[Result "1-0"]
[WhiteElo "1758"]
[BlackElo "1402"]
[PlyCount "91"]
[EventDate "2016.??.??"]

1. d4 d5 2. g3 Nf6 3. Bg2 e6 4. Nf3 Be7 5. O-O O-O 6. Bg5 Nbd7 7. c3 c6 8. Nbd2
h6 9. Bxf6 Nxf6 10. Re1 Qb6 11. b3 c5 12. e3 Bd7 13. Ne5 Rac8 14. Rc1 Qd6 15.
c4 b5 16. Ndf3 bxc4 17. bxc4 Qa6 18. Bf1 Qa4 19. Nxd7 Qxd1 20. Nxf6+ Bxf6 21.
Rexd1 Rfd8 22. cxd5 Rxd5 23. Bg2 Rdd8 24. Kf1 cxd4 25. Rxc8 Rxc8 26. Nxd4 Rc5
27. Ke2 Kf8 28. Rd2 Be5 29. f4 Bc7 30. Rc2 Bb6 31. Rxc5 Bxc5 32. Nb3 Bb6 33. a4
a5 34. Bc6 Ke7 35. g4 Kd6 36. Bb5 Kd5 37. Nd2 f5 38. h3 g5 39. Kf3 fxg4+ 40.
hxg4 gxf4 41. exf4 Bd4 42. Bc4+ Kd6 43. Ne4+ Ke7 44. Ng3 Bc3 45. f5 Kf6 46.
Ne4+ 1-0

[Event "136689 14th Rakosmente Open"]
[Site "?"]
[Date "2016.05.29"]
[Round "5.12"]
[White "Szurkos, Andras"]
[Black "Filep, Tibor"]
[Result "1-0"]
[WhiteElo "1639"]
[BlackElo "1391"]
[PlyCount "47"]
[SourceDate "2016.06.06"]

1. e4 c6 2. Nc3 d5 3. Nf3 dxe4 4. Nxe4 Bf5 5. Ng3 Bg6 6. h4 h6 7. Ne5 Bh7 8.
Qh5 g6 9. Bc4 e6 10. Qe2 Qc7 11. d4 Bg7 12. Bf4 Qe7 13. Ne4 Nf6 14. Nxf7 Kxf7
15. Nd6+ Kf8 16. Nc8 Qd7 17. Bxe6 Qxd4 18. Bd6+ Ke8 19. Bf5+ Ne4 20. Bxe4 Kf7
21. Rd1 Qf6 22. Rh3 Kg8 23. Rf3 Qe6 24. Ne7+ 1-0

[Event "136689 14th Rakosmente Open"]
[Site "?"]
[Date "2016.05.29"]
[Round "5.13"]
[White "Bilku, Andras"]
[Black "Geresdi-Horvath, Agoston"]
[Result "0-1"]
[WhiteElo "1532"]
[BlackElo "1327"]
[PlyCount "88"]

1. d4 Nf6 2. c4 g6 3. Nc3 Bg7 4. e4 d6 5. f3 O-O 6. Be3 Nbd7 7. Qd2 e5 8. d5 b6
9. Bh6 a5 10. a4 Bxh6 11. Qxh6 Nc5 12. O-O-O Bd7 13. Nb5 Bxb5 14. cxb5 Nxa4 15.
g4 Kh8 16. h4 Ng8 17. Qe3 Qf6 18. Nh3 Kg7 19. h5 Nc5 20. hxg6 fxg6 21. Ng5 h6
22. Ne6+ Nxe6 23. dxe6 Qxe6 24. Rd5 g5 25. Bc4 Qf6 26. Rf1 Qf4 27. Qxf4 Rxf4
28. Rd3 Nf6 29. Re3 Nd7 30. Be6 Nc5 31. Bf5 a4 32. Kc2 Ra5 33. Kb1 Rxb5 34. Rc1
Ra5 35. Ka2 Ra7 36. Ra3 Nb3 37. Rf1 Nd4 38. Kb1 c5 39. Kc1 b5 40. Kd1 b4 41.
Re3 a3 42. bxa3 bxa3 43. Kd2 a2 44. Ra1 c4 0-1

[Event "136689 14th Rakosmente Open"]
[Site "?"]
[Date "2016.05.29"]
[Round "5.14"]
[White "Palczert, Hajnalka"]
[Black "Lakatos, Tamas"]
[Result "0-1"]
[WhiteElo "1410"]
[BlackElo "1837"]
[PlyCount "108"]

1. e4 c5 2. Nf3 e6 3. d4 cxd4 4. Nxd4 Nc6 5. Nc3 a6 6. Be3 Nf6 7. Bd3 Bb4 8.
Qd2 Ng4 9. Nxc6 bxc6 10. Bf4 d5 11. exd5 cxd5 12. a3 Ba5 13. b4 Bb6 14. Bg3 Qf6
15. Rb1 h5 16. h3 Nxf2 17. Bxf2 Bxf2+ 18. Kd1 Bh4 19. Rf1 Qg5 20. Na4 Qxd2+ 21.
Kxd2 Bg5+ 22. Ke2 O-O 23. Nb6 Rb8 24. Na4 Be7 25. Kd2 Bd7 26. Nc3 Ra8 27. Be2
Rfc8 28. Nd1 Bg5+ 29. Ke1 Rxc2 30. Rb2 Bh4+ 31. Rf2 Bxf2+ 32. Kxf2 Rxb2 33.
Nxb2 a5 34. Nd3 axb4 35. axb4 Rb8 36. Bxh5 Bb5 37. Nc5 Bc4 38. Nd7 Rxb4 39. Ne5
g6 40. Bf3 Ba6 41. Ke3 Kg7 42. Kd2 Kf6 43. Ng4+ Rxg4 44. Bxg4 e5 45. Ke3 d4+
46. Kd2 Ke7 47. Bf3 f5 48. Bd5 Kd6 49. Bf7 g5 50. Bg6 Ke6 51. Bh5 Bf1 52. Bf3
e4 53. Bd1 Bxg2 54. Bb3+ Ke5 0-1